000 00602nam a2200193Ia 4500
003 OSt
005 20240402093332.0
008 210210b1985 xxu||||| |||| 00| 0 eng d
040 _cAL
041 _aKannada
082 _aK894.1 KAYP
100 _aKAYYARA KINJANNA RAI.
_dಕಯ್ಯಾರ ಕಿಞ್ಞಣ್ಣ ರೈ
_9157685
245 _aPanchami: aidu upanishatkavyagalu.
_bಪಂಚಮಿ : ಐದು ಉಪನಿಷದ್ ಕಾವ್ಯಗಳು
260 _aPeradala
_bKavita Kutira
_c1985
300 _a84,48
690 _aKannada Poetry
_9157686
906 _a041720
942 _2ddc
_cBK
999 _c91400
_d91400